| 000 | 00828nam a22001817a 4500 | ||
|---|---|---|---|
| 999 |
_c63562 _d63562 |
||
| 003 | Ge_BSU | ||
| 005 | 20251030192808.0 | ||
| 008 | 251030s1966 ge ||||| |||| 00| 0 geo d | ||
| 041 | _ageo | ||
| 080 | _a330.1 ხ-25 | ||
| 100 |
_aხარბედია, რაფიელ _926142 |
||
| 245 |
_aსოციალიზმის ეკონომიური კანონების გამოყენება / _cრაფიელ ხარბედია. |
||
| 264 |
_aთბილისი : _bსაბჭ. საქართველო, _c1966. |
||
| 300 |
_a249 გვ. : _bცხრილ. ; _c20 სმ. |
||
| 504 | _aბიბლიოგრ. შენიშვნებში. | ||
| 653 | _aსოციალიზმის ეკონომიური კანონები. | ||
| 942 |
_2udc _cBK |
||